Pendepanan subjek dan predikat dalam pembentukan ayat namaan di dalam bahasa Arab /
Saved in:
| 主要作者: | |
|---|---|
| 格式: | Thesis 图书 |
| 语言: | Malay |
| 出版: |
1998.
|
| 主题: | |
| 标签: |
添加标签
没有标签, 成为第一个标记此记录!
|
| LEADER | 01322cam a2200301 a 4500 | ||
|---|---|---|---|
| 001 | u438087 | ||
| 003 | SIRSI | ||
| 008 | 920820s1998 my t 00 10 may m | ||
| 035 | |a ACG-9853 | ||
| 040 | |a UMM | ||
| 090 | |a PJ6106 |b Abdrar | ||
| 091 | |a Microfiche 14211 | ||
| 093 | |a PJ6106 |b Abdrar | ||
| 100 | 0 | 0 | |a Ab. Rahman Ab Rashid. |
| 245 | 1 | 0 | |a Pendepanan subjek dan predikat dalam pembentukan ayat namaan di dalam bahasa Arab / |c Abd. Rahman bin Abd. Rashid. |
| 260 | |c 1998. | ||
| 300 | |a xv, 110 leaves : |b ill ; |c 29 cm. | ||
| 500 | |a Microfiche. Kuala Lumpur : University of Malaya Library, 1999. 2 fiches : negative ; 11 x 15 cm. | ||
| 502 | |a Dissertation (M.M.L.S.) -- Fakulti Bahasa dan Linguistik, Universiti Malaya, 1998. | ||
| 504 | |a Includes bibliographical references. | ||
| 650 | 0 | |a Arabic language |x Sentences. | |
| 650 | 0 | |a Arabic language |x Nominals. | |
| 710 | 2 | 0 | |a Universiti Malaya. |b Fakulti Bahasa dan Linguistik. |
| 948 | |a 15/04/1999 |b 21/07/2004 | ||
| 596 | |a 1 6 | ||
| 999 | |a PJ6106 ABDRAR |w LC |c 1 |i A508644962 |d 7/4/2013 |e 7/4/2013 |l STACKS |m P01UTAMA |n 8 |r Y |s Y |t TESIS |u 19/4/1999 | ||
| 999 | |a PJ6106 ABDRAR |w LC |c 2 |i A505618111 |d 24/2/2013 |e 24/2/2013 |l STACKS |m P01UTAMA |n 5 |r Y |s Y |t TESIS |u 22/6/1999 | ||
| 999 | |a PJ6106 ABDRAR |w LC |c 1 |i A503709419 |d 22/10/2008 |e 22/10/2008 |l STACKS |m P06BAHASA |n 5 |r Y |s Y |t TESIS |u 15/4/1999 | ||
